00330 2200121 4500001002100000005001500021035002400036090001400060245005400074260004200128300002100170990001700191YOGYA00000000000413420140822163112 0010-081400000003852 a813 Bla M aMs Wiz Jatuh Cinta pada DrakulacBLACKER, Terence ajakartabGramedia Pustaka Utamac2003 a128 hlm.c20 cm. a1122-PD/P.04